Honkai: Star Rail characters but really badly explained - Statistics

General Stats
  • This quiz has been taken 211 times
  • The average score is 63 of 73
Answer Stats
Hint Answer % Correct
Has multiple identity crises but never deviates from his origin: grabbable waist dragon man chased by a dude DanHeng
97%
The REAL dragon- wait. *reads script* WHY IS THERE A THIRD ONE OF HIM???? DanHeng/Permansor Terrae/ DHPT
97%
The REAL dragon man this time DHIL/DanHeng/Imbibitor Lunae
97%
Walking trans flag with the selfie obsession March/March7th
97%
The mc who used to be the plot but is no longer the plot, theorized and probably is an ex-Stellaron Hunter Stelle/Caelus/Trailblazer
97%
Agent of elation who gets called shampoo and is hated by the mc Sampo
95%
Chicken wing boy who speedran his redemption by doing the fade away guy meme in front of Robin. Also he's a day of the week Sunday
95%
Originally from Hi3 too, her earrings are Kinder egg sized- also her model gains eyebags after you finish the Belobog questline Bronya
94%
Girlie plz put some shoes on otherwise your robot dad is gonna get mad Clara
94%
Hoyo PLEASE DO NOT KILL HER THIS HONKAI GAME TOO IM STILL NOT OVER HI3 Himeko
94%
Her ego is so big her real playable version just has "The" in front of her name. Also do NOT let her bake The Herta/Herta
94%
Originally from Hi3, can't wait to see what epic things he does in lore (apart from having fallen off the meta and talking with Acheron for a bit) Welt
94%
Got his bathtub stolen by Cipher, had that same bathtub in his trailer, has more muscle than Itto, "professor" except a chalk to the face from him would insta kill you DrRatio/Ratio
93%
His life objective is chasing after one dragon dude, legally cannot die Blade
92%
Is a healer but has a super heavy gun Natasha
92%
Abandoned all her cat cakes, tried to revive a dead Aeon, left all of this to us, refused to elaborate, and then left RuanMei
92%
Be a gamer do crime and be a Bronya expy also SilverWolf/SW
92%
Literally so rich she pays the debt for the entire space station Asta
91%
Kevin Kaslana Phainon
91%
Raiden Bosenmori Mei- is most likely gonna get calls from Cyrene asking if she has horns, and most likely won't remember why she has anyone in her contacts list Acheron
90%
Suicidal lightning character we all forgot about, but we sure as hell remember the dog that goes with him Arlan
90%
Scared of her job, scared of her own tail (justified) Huohuo
90%
Not a cockroach, mom (HEAVILY debatable) who left with the milk, only came back to videocall Himeko, found for two minutes on the Xianzhou... and evaporated from the story ever since (Hoyo it's been more than two years please) Kafka
90%
Danced with Acheron and quickly found out that lesbianism is so good it's deadly (dw she's fine) BlackSwan
89%
Do y'all ever just break your guitar after thinking about your situationship with the woman who is now destroying the country Serval
89%
"Doctor, you're huge!", he says. Aventurine
88%
Smol dragon who gambles with healing Bailu
88%
Parfodelis but more cat and with confusing ear physics Cipher
88%
Actually literally just Elysia Cyrene
88%
Emo March with a case of obsession for... herself? Evernight
88%
Blindfolded but still can look at her phone screen...? Jingliu
88%
General with a pet lion and a permanent :3 face JingYuan
88%
HERE TAKE THIS HUGE PILL Lynx
88%
"Wah wah wah, so annoying!", her HSR self is the opposite of her Hi3 counterpart- also no Veliona? Seele
88%
Has so many pets I wonder how she hasn't gotten kicked out of the IPC Topaz
88%
There's three of them, perhaps more, Amphoreus's Amazon services Tribbie
88%
His real passion is Dromas Anaxa
87%
Stuck in the shadow realm with her pet dragon Castorice
87%
Lingsha for broke people, also he's Thirteen (not his actual age) Gallagher
87%
He has zero art skills but we love his silly wanted posters Gepard
87%
Is that a dead Aeon in your coffin or is bro just happy Luocha
87%
Do you think she reads fanfiction- Lynx's bestie Pela
87%
WEEEELCOME TO MY, WOOOOOORLD- Robin
87%
Her best weapon is not her sword BUT HER GIANT CHICKEN- Sushang
87%
Her neck went snap Tingyun
87%
The Great Pitch Dark- Hook
86%
Autobattle gameplay king, Primal Groudon but made human Mydei
86%
The "lacking general" who doesn't actually lack anything (except a tail) Feixiao
85%
Barbara and Charlotte's estranged kid Hyacine
85%
One of the most hated characters and yet people pulled for her regardless. Last IPC arc we got was with her, I need that faction back Hoyo Jade
85%
Is also in Hi3 because of a collab now, had some controversy going on about this character too because of her dialogue with Aventurine- agent of chaos who tried her hand at blowing an airship up Sparkle
85%
Saved Kafka from the depths of the meta tierlist, made DoT relevant again and OH MY GOD FINALLY A PLAYABLE CHARACTER WHO SUMMONS A WHALE (a literal whale not the type of player) Hysilens
84%
EXCALIBUUUUUUUUR- Saber
84%
Unlimited Blade Works except you gotta roll 200 times for his lightcone Archer
83%
The last 4star we had (and probably will ever have) Moze
83%
Is forbidden to swear, Arlecchino's lost cousin who had people going feral Boothill
82%
Will divine you and your mother but legally can't reach the top shelf FuXuan
82%
Is already dead and actually an old guy Misha
82%
Legally blind is back except she's also legally blonde and legally dead Aglaea
81%
Furina but even shorter Cerydra
81%
A streamer who performs really sick tricks and put a pipe bomb in your mailbox Guinaifen
81%
Gallagher for rich people Lingsha
81%
Professional tile gambler and work skipper Qingque
81%
Underrated character, epic hater of mokeys and has immaculate drip and an actual playlist you can listen to on Spotify Rappa
81%
I'LL SET THE SEAS ABLAZE- Firefly
80%
Foxian jesus is that you Fugue
80%
Absolutely hated by Seele, basically genderbent Vi without her swagger Luka
80%
Got beaten up by so many people so many times yet never gives up and is still alive somehow, is half of the Xianzhou's laughingstock Yanqing
78%
He has lifelong beef with coriander Jiaoqiu
73%
I think she might be dead for real chat (Xianzhou questline), not human Xueyi
71%
FULL COUNTER GO Yunli
70%
Flirted with a plant. Argenti
69%
Permanent eyebags, used to be Sparkle before Sparkle replaced her Hanya
68%
No matching quizzes found
Score Distribution
Percent of People with Each Score
Percentile by Number Answered
Your Score History
You have not taken this quiz